[Event "DEM U18w"]
[Site "Willingen"]
[Date "2006.06.04"]
[Round "2.13"]
[White "Reiske, Anne"]
[Black "Breitwieser, Jasmin"]
[Result "1/2-1/2"]
[WhiteElo "1711"]
[BlackElo "1338"]
[PlyCount "145"]
[EventDate "2006.??.??"]
[EventType "swiss"]
[EventRounds "9"]
[EventCountry "GER"]

1. e4 e5 2. Nf3 Nf6 3. Nxe5 d6 4. Nf3 Nxe4 5. Qe2 Qe7 6. d3 Nf6 7. Bg5 Qxe2+ 8.
Bxe2 Be7 9. Nc3 a6 10. O-O-O Nc6 11. Bxf6 Bxf6 12. Nd5 Bd8 13. Rde1 Be6 14. Bd1
O-O 15. Nf4 Re8 16. d4 Bd7 17. c3 Rxe1 18. Rxe1 Ne7 19. Bc2 c6 20. h3 h6 21.
Nd2 Kf8 22. Ne4 Bc7 23. Nd3 b6 24. Nd2 Re8 25. Nb4 a5 26. Na6 Bd8 27. Nc4 Bc8
28. Nxd6 Bxa6 29. Be4 Bc7 30. Nxe8 Kxe8 31. Bxc6+ Kd8 32. Ba4 Bb7 33. g3 Bc6
34. Bb3 Bd5 35. c4 Be6 36. h4 Kd7 37. d5 Bf5 38. Ba4+ Kd6 39. Be8 f6 40. f3 Bd7
41. Bf7 Nf5 42. a3 Nxg3 43. Be6 Nf5 44. b4 axb4 45. axb4 Bxe6 46. Rxe6+ Kd7 47.
c5 bxc5 48. bxc5 Nd4 49. c6+ Kd8 50. Re4 Nxf3 51. Ra4 Ke7 52. Kd1 Kd6 53. Ke2
Ne5 54. Rd4 g5 55. hxg5 hxg5 56. Rd1 f5 57. Ke3 Bb6+ 58. Ke2 f4 59. Rb1 Bc7 60.
Rd1 g4 61. Kf2 Bb6+ 62. Kg2 g3 63. Rf1 Bf2 64. Rc1 Bb6 65. Rf1 Be3 66. Rd1 Nc4
67. Kf3 Nb6 68. Ke4 g2 69. Kf3 Nxd5 70. Kxg2 Kxc6 71. Kf3 Kc5 72. Rh1 Kc4 73.
Rh5 1/2-1/2

[Event "DEM U18w"]
[Site "Willingen"]
[Date "2006.06.04"]
[Round "3.1"]
[White "Winkelmann, Elena"]
[Black "Laake, Jasmin"]
[Result "1-0"]
[WhiteElo "2055"]
[BlackElo "1976"]
[PlyCount "67"]
[EventDate "2006.??.??"]
[EventType "swiss"]
[EventRounds "9"]
[EventCountry "GER"]

1. d4 Nf6 2. c4 c5 3. d5 e6 4. Nc3 exd5 5. cxd5 d6 6. e4 g6 7. Nf3 Bg7 8. Bf4
O-O 9. Be2 Bg4 10. Nd2 Bxe2 11. Qxe2 a6 12. a4 Nh5 13. Be3 Nd7 14. O-O Rb8 15.
a5 Qc7 16. Nc4 b5 17. axb6 Nxb6 18. Na5 Ra8 19. Nc6 Qb7 20. Ra2 Nd7 21. Rfa1
Nb8 22. Na5 Qe7 23. f3 Nf6 24. Nc4 Nfd7 25. Bf4 Be5 26. Bxe5 dxe5 27. Qd2 Qd8
28. d6 Qc8 29. Nd5 Kg7 30. Ncb6 Nxb6 31. Nxb6 Qb7 32. Nxa8 Qxa8 33. Qc3 Re8 34.
Qxc5 1-0

[Event "DEM U18w"]
[Site "Willingen"]
[Date "2006.06.04"]
[Round "3.2"]
[White "Nuber, Helene"]
[Black "Dauer, Christina"]
[Result "1-0"]
[WhiteElo "2042"]
[BlackElo "1964"]
[PlyCount "119"]
[EventDate "2006.??.??"]
[EventType "swiss"]
[EventRounds "9"]
[EventCountry "GER"]

1. e4 e6 2. d4 d5 3. e5 c5 4. c3 Nc6 5. Nf3 Qb6 6. a3 c4 7. Nbd2 f6 8. b3 fxe5
9. bxc4 exd4 10. cxd5 exd5 11. Nxd4 Nxd4 12. Qh5+ g6 13. Qe5+ Qe6 14. cxd4 Bg7
15. Bb5+ Kf7 16. Qxe6+ Bxe6 17. Nf3 a6 18. Bd3 Ne7 19. Ng5+ Kf6 20. Rb1 b5 21.
O-O Rac8 22. Re1 Bd7 23. Bf4 Nc6 24. a4 h6 25. Nf3 Kf7 26. axb5 axb5 27. Bxb5
Bf5 28. Bxc6 Rxc6 29. Rb7+ Kf8 30. Ree7 Bf6 31. Rf7+ Kg8 32. h3 g5 33. Be5 Rh7
34. Rxf6 Rc1+ 35. Kh2 Rxb7 36. Rxf5 Rb2 37. Kg3 Rf1 38. Nh2 Ra1 39. Ng4 Ra3+
40. Rf3 Ra6 41. Nf6+ Kg7 42. Nxd5+ Kg6 43. Rf6+ Rxf6 44. Nxf6 Re2 45. Ng4 Rd2
46. Ne3 h5 47. d5 Rd3 48. Bc7 Kf6 49. Bd8+ Kg6 50. Be7 Rd4 51. d6 Rd3 52. Kf3
Kf7 53. Ke4 Rd2 54. Nc4 Rxf2 55. Kd5 Rxg2 56. Ne5+ Ke8 57. Ke6 Rd2 58. d7+ Rxd7
59. Nxd7 g4 60. Nf6# 1-0

[Event "DEM U18w"]
[Site "Willingen"]
[Date "2006.06.04"]
[Round "3.5"]
[White "Butschek, Tanja"]
[Black "Gasch, Franziska"]
[Result "1-0"]
[WhiteElo "2025"]
[BlackElo "1860"]
[PlyCount "68"]
[EventDate "2006.??.??"]
[EventType "swiss"]
[EventRounds "9"]
[EventCountry "GER"]

1. e4 d5 2. exd5 Nf6 3. Bb5+ Bd7 4. Be2 Nxd5 5. d4 e6 6. Nf3 c5 7. c4 Nb6 8.
Be3 cxd4 9. Bxd4 Nc6 10. O-O Nxd4 11. Qxd4 Be7 12. Nc3 Bf6 13. Qd2 Qc7 14. Ne4
Be7 15. Rfd1 O-O 16. Rac1 Rfd8 17. Qc2 Qf4 18. Rd4 e5 19. Neg5 Bf5 20. Rxf4
Bxc2 21. Rxf7 Bxg5 22. Nxg5 Rd2 23. Bg4 e4 24. Be6 Kh8 25. Rxb7 Bd3 26. c5 Ba6
27. Rc7 Na4 28. Nxe4 Re2 29. Bd5 Re8 30. f3 Nxb2 31. Rxa7 Nd3 32. Rb1 Bc8 33.
Bc4 Rd8 34. Nd6 Rd2 1-0

[Event "DEM U18w"]
[Site "Willingen"]
[Date "2006.06.04"]
[Round "3.6"]
[White "Hoolt, Sarah"]
[Black "Tovmasian, Nelli"]
[Result "1-0"]
[WhiteElo "2145"]
[BlackElo "1813"]
[PlyCount "71"]
[EventDate "2006.??.??"]
[EventType "swiss"]
[EventRounds "9"]
[EventCountry "GER"]

1. e4 c5 2. Nf3 Nc6 3. d4 cxd4 4. Nxd4 Nf6 5. Nc3 e6 6. Ndb5 Bc5 7. Nd6+ Ke7 8.
Bf4 e5 9. Nf5+ Kf8 10. Be3 Bb4 11. Ng3 d5 12. exd5 Nxd5 13. Bc5+ Bxc5 14. Qxd5
Bxf2+ 15. Kxf2 Qb6+ 16. Ke1 Be6 17. Qd6+ Kg8 18. Bd3 Qxb2 19. Kd2 Rd8 20. Rab1
Qxc3+ 21. Kxc3 Rxd6 22. Rxb7 Bc8 23. Rc7 Bd7 24. Ne4 Rd4 25. Bb5 Nb4 26. Rxd7
Nd5+ 27. Kb2 h6 28. Bd3 f5 29. Rxd5 fxe4 30. Rxd4 exd4 31. Bxe4 Kf7 32. Rd1 Rd8
33. Kb3 Ke6 34. a4 Ke5 35. Bd3 Kd5 36. Rf1 1-0

[Event "DEM U18w"]
[Site "Willingen"]
[Date "2006.06.04"]
[Round "3.7"]
[White "Wirths, Clara"]
[Black "Großmann, Susan"]
[Result "1-0"]
[WhiteElo "1935"]
[BlackElo "2062"]
[PlyCount "41"]
[EventDate "2006.??.??"]
[EventType "swiss"]
[EventRounds "9"]
[EventCountry "GER"]

1. e4 d6 2. d4 g6 3. Nc3 Bg7 4. Be3 c6 5. Nf3 Nd7 6. Qd2 Ngf6 7. Bd3 e5 8. h3
O-O 9. O-O Re8 10. Bh6 Bh8 11. Rfe1 Nf8 12. Rad1 Qc7 13. Bc4 Be6 14. Qe2 Bxc4
15. Qxc4 Rad8 16. d5 N8d7 17. Nb5 Qb8 18. dxc6 Nb6 19. Qb4 bxc6 20. Nxd6 Re7
21. Nf5 1-0

[Event "DEM U18w"]
[Site "Willingen"]
[Date "2006.06.04"]
[Round "3.8"]
[White "Tischer, Jana"]
[Black "Albano Jeremias, Bianca"]
[Result "0-1"]
[WhiteElo "1835"]
[BlackElo "1971"]
[PlyCount "66"]
[EventDate "2006.??.??"]
[EventType "swiss"]
[EventRounds "9"]
[EventCountry "GER"]

1. e4 e6 2. d4 d5 3. Nc3 Nf6 4. Bg5 Bb4 5. e5 h6 6. Bd2 Bxc3 7. bxc3 Ne4 8. Qg4
g6 9. Bd3 Nxd2 10. Kxd2 c5 11. h4 Nc6 12. h5 g5 13. f4 cxd4 14. Nf3 dxc3+ 15.
Ke2 Qe7 16. fxg5 hxg5 17. Raf1 Bd7 18. Nxg5 Rg8 19. Rxf7 Qxg5 20. Qxg5 Rxg5 21.
Bg6 O-O-O 22. Ke3 Nxe5 23. Rg7 Rf8 24. Kd4 Be8 25. h6 Nc6+ 26. Kc5 Rxg6 27. Kd6
Rh8 28. Rxg6 Bxg6 29. Kxe6 Bxc2 30. g4 d4 31. Kf6 Rh7 32. g5 Ne7 33. Re1 Kd7
0-1

[Event "DEM U18w"]
[Site "Willingen"]
[Date "2006.06.04"]
[Round "3.9"]
[White "Rath, Alina"]
[Black "Hafner, Katrin"]
[Result "1-0"]
[WhiteElo "1853"]
[BlackElo "1565"]
[PlyCount "99"]
[EventDate "2006.??.??"]
[EventType "swiss"]
[EventRounds "9"]
[EventCountry "GER"]

1. c4 e5 2. Nc3 Nc6 3. g3 d6 4. Bg2 g6 5. d3 Bg7 6. e4 f5 7. Nge2 Nf6 8. O-O
O-O 9. f4 Be6 10. Rb1 Qd7 11. Nd5 Rae8 12. b3 Kh8 13. Ne3 Ng8 14. exf5 gxf5 15.
Qd2 Nf6 16. Bb2 Ng4 17. Nxg4 fxg4 18. d4 Bf5 19. Rbd1 e4 20. d5 Nd8 21. Nd4 e3
22. Qe2 Be4 23. Rfe1 c5 24. dxc6 bxc6 25. Bxe4 Rxe4 26. Qd3 Rfe8 27. Re2 a6 28.
Ba1 Nb7 29. Nc2 R8e6 30. Rxe3 Nc5 31. Bxg7+ Qxg7 32. Qd2 Qb2 33. Rxe4 Nxe4 34.
Qd4+ Qxd4+ 35. Nxd4 Re8 36. Nxc6 Kg7 37. Re1 Kf7 38. Nb4 Nc5 39. Rxe8 Kxe8 40.
Kf2 Kd7 41. Ke3 a5 42. Nd5 Ke6 43. Nc3 Kf5 44. Nb5 Ke6 45. Nd4+ Kf6 46. Nc6 a4
47. b4 Nb7 48. Ke4 Ke6 49. f5+ Kd7 50. Kd5 1-0

[Event "DEM U18w"]
[Site "Willingen"]
[Date "2006.06.04"]
[Round "3.10"]
[White "Hammerich, Nadine"]
[Black "Völschow, Toni"]
[Result "0-1"]
[WhiteElo "1529"]
[BlackElo "1850"]
[PlyCount "64"]
[EventDate "2006.??.??"]
[EventType "swiss"]
[EventRounds "9"]
[EventCountry "GER"]

1. d4 d5 2. c3 Nf6 3. Nf3 e6 4. Bf4 Nbd7 5. e3 c5 6. Bd3 c4 7. Bc2 b5 8. b3 Be7
9. O-O O-O 10. bxc4 bxc4 11. Ba4 Bb7 12. Nbd2 Qa5 13. Bxd7 Nxd7 14. Qc2 f6 15.
Rab1 Bc6 16. Rfe1 Ba3 17. Nf1 Ba4 18. Qd2 Bc6 19. h3 Nb6 20. Bc7 Rf7 21. Bxb6
axb6 22. Ng3 Rb7 23. Ne2 b5 24. Qc2 b4 25. cxb4 Bxb4 26. Rf1 Qxa2 27. Rb2 Qa5
28. Rfb1 Ba4 29. Qc1 Bb3 30. Nf4 Ba3 31. Ra1 c3 32. Rxa3 cxb2 0-1

[Event "DEM U18w"]
[Site "Willingen"]
[Date "2006.06.04"]
[Round "3.11"]
[White "Schöttler, Katharina"]
[Black "Reiske, Anne"]
[Result "0-1"]
[WhiteElo "1655"]
[BlackElo "1711"]
[PlyCount "88"]
[EventDate "2006.??.??"]
[EventType "swiss"]
[EventRounds "9"]
[EventCountry "GER"]

1. e4 e5 2. Bc4 Nc6 3. Nf3 Be7 4. d3 d6 5. c3 Be6 6. Bb3 h6 7. Bc2 Nf6 8. O-O
Nh7 9. Re1 Qd7 10. Nbd2 O-O-O 11. d4 exd4 12. cxd4 d5 13. e5 g5 14. Nb3 g4 15.
Nfd2 h5 16. Bxh7 Rxh7 17. Qc2 Bf5 18. Qc3 h4 19. Nc5 Bxc5 20. Qxc5 g3 21. Nf3
gxf2+ 22. Kxf2 Be4 23. Qc3 Bxf3 24. gxf3 Rg8 25. Bf4 Qf5 26. Qd2 Nd8 27. Rg1
Rhg7 28. Rxg7 Rxg7 29. Rg1 Rxg1 30. Kxg1 Ne6 31. Be3 Qxf3 32. Qf2 Qg4+ 33. Kf1
Qd1+ 34. Kg2 Qh5 35. Kh3 Ng7 36. Qxh4 Qxh4+ 37. Kxh4 Nf5+ 38. Kg5 Nxe3 39. Kf6
c5 40. dxc5 d4 41. e6 fxe6 42. h4 d3 43. h5 d2 44. h6 Ng4+ 0-1

[Event "DEM U18w"]
[Site "Willingen"]
[Date "2006.06.04"]
[Round "3.12"]
[White "Breitwieser, Jasmin"]
[Black "Fuchs, Maria"]
[Result "0-1"]
[WhiteElo "1338"]
[BlackElo "1758"]
[PlyCount "104"]
[EventDate "2006.??.??"]
[EventType "swiss"]
[EventRounds "9"]
[EventCountry "GER"]

1. e4 c5 2. Nc3 Nc6 3. g3 d6 4. Bg2 g6 5. d3 Bg7 6. f4 e6 7. Nf3 Nge7 8. O-O
Rb8 9. Rb1 O-O 10. Be3 b5 11. a3 a5 12. Bf2 Ba6 13. Re1 Qc7 14. Ne2 Rfc8 15.
Qd2 b4 16. a4 c4 17. d4 d5 18. exd5 Nxd5 19. c3 Nce7 20. Ng5 Nf6 21. Kf1 Bb7
22. Bxb7 Qxb7 23. Kg1 h6 24. Nh3 Nfd5 25. g4 Nf6 26. g5 Ne4 27. Qe3 Nf5 28. Qf3
h5 29. Ng3 Nd2 30. Qxb7 Rxb7 31. Nxf5 exf5 32. Rbd1 Nf3+ 33. Kg2 Nxe1+ 34. Rxe1
bxc3 35. bxc3 Rb2 36. Rc1 Ra2 37. Kg3 Rxa4 38. Ng1 Ra2 39. Nf3 a4 40. d5 Rd8
41. Rd1 Bxc3 42. d6 Rd7 43. Ne5 Bxe5 44. fxe5 c3 45. Rc1 c2 46. Bc5 Rb2 47. Kf2
Kf8 48. Ke2 Ke8 49. Kd2 Rd8 50. Bd4 a3 51. Rxc2 Rxc2+ 52. Kxc2 Rb8 0-1

[Event "DEM U18w"]
[Site "Willingen"]
[Date "2006.06.04"]
[Round "3.13"]
[White "Schott, Peggy"]
[Black "Janiesch, Maike"]
[Result "1/2-1/2"]
[WhiteElo "1600"]
[BlackElo "1637"]
[PlyCount "37"]
[EventDate "2006.??.??"]
[EventType "swiss"]
[EventRounds "9"]
[EventCountry "GER"]

1. d4 Nf6 2. c4 g6 3. Nc3 Bg7 4. e4 d6 5. Nge2 O-O 6. g3 e5 7. Bg2 exd4 8. Nxd4
Re8 9. O-O Nbd7 10. Re1 Nc5 11. Rb1 Rb8 12. b3 Ng4 13. f4 f5 14. Bb2 fxe4 15.
Nxe4 Nxe4 16. Rxe4 Rxe4 17. Bxe4 Nf6 18. Bf3 Qe8 19. Qe1 1/2-1/2

[Event "DEM U18w"]
[Site "Willingen"]
[Date "2006.06.05"]
[Round "4.3"]
[White "Dauer, Christina"]
[Black "Hoolt, Sarah"]
[Result "0-1"]
[WhiteElo "1964"]
[BlackElo "2145"]
[PlyCount "60"]
[EventDate "2006.??.??"]
[EventType "swiss"]
[EventRounds "9"]
[EventCountry "GER"]

1. e4 c5 2. Nc3 Nc6 3. d3 g6 4. Be3 d6 5. g3 Bg7 6. Qd2 e6 7. Bg2 Nd4 8. Nd1
Rb8 9. c3 Nc6 10. Nf3 b5 11. O-O Nf6 12. Bh6 O-O 13. h3 c4 14. Bxg7 Kxg7 15.
dxc4 bxc4 16. Qf4 Qc7 17. g4 Bb7 18. Re1 Ne5 19. Nxe5 dxe5 20. Qe3 Ba8 21. b3
Rfd8 22. bxc4 Qxc4 23. Qxa7 Nxe4 24. Bxe4 Bxe4 25. Qe3 f5 26. f3 Rd3 27. Qg5
Qc5+ 28. Kh2 Rb2+ 29. Kg3 Rxf3+ 30. Kh4 Rh2 0-1

[Event "DEM U18w"]
[Site "Willingen"]
[Date "2006.06.05"]
[Round "4.4"]
[White "Wirths, Clara"]
[Black "Butschek, Tanja"]
[Result "0-1"]
[WhiteElo "1935"]
[BlackElo "2025"]
[PlyCount "94"]
[EventDate "2006.??.??"]
[EventType "swiss"]
[EventRounds "9"]
[EventCountry "GER"]

1. e4 c5 2. Nf3 e6 3. d4 cxd4 4. Nxd4 Nf6 5. Nc3 Nc6 6. Ndb5 Bb4 7. a3 Bxc3+ 8.
Nxc3 d5 9. exd5 exd5 10. Bd3 O-O 11. O-O d4 12. Ne2 Bg4 13. f3 Be6 14. b4 Qb6
15. Rf2 Rac8 16. b5 Ne5 17. Nxd4 Nxd3 18. Qxd3 Bc4 19. Qd2 Rfd8 20. c3 Qa5 21.
Qb2 Qa4 22. Bg5 Rd6 23. Bxf6 Rxf6 24. Qc2 Bxb5 25. Qe4 Bc6 26. Qg4 Re8 27. Nxc6
Qxc6 28. Qd4 Rfe6 29. Qxa7 Qxc3 30. Raf1 b6 31. a4 Qc5 32. Qa6 h6 33. Qd3 Re2
34. Qd1 Rxf2 35. Rxf2 Qb4 36. Rf1 Ra8 37. Re1 Qxa4 38. Qd5 Qa5 39. Qe4 b5 40.
Rb1 Rb8 41. Rb4 Rc8 42. Kf2 Qb6+ 43. Kg3 Rd8 44. Qf5 Qd6+ 45. Qf4 Qc5 46. h4
Rd6 47. h5 Rd5 0-1

[Event "DEM U18w"]
[Site "Willingen"]
[Date "2006.06.05"]
[Round "4.5"]
[White "Laake, Jasmin"]
[Black "Albano Jeremias, Bianca"]
[Result "1-0"]
[WhiteElo "1976"]
[BlackElo "1971"]
[PlyCount "80"]
[EventDate "2006.??.??"]
[EventType "swiss"]
[EventRounds "9"]
[EventCountry "GER"]

1. e4 e6 2. d4 d5 3. Nc3 Nf6 4. e5 Nfd7 5. f4 c5 6. Nf3 Nc6 7. Be3 cxd4 8. Nxd4
Bc5 9. Qd2 a6 10. O-O-O O-O 11. Kb1 Nxd4 12. Bxd4 Qc7 13. g4 b5 14. Bg2 Bb7 15.
Rhe1 Rac8 16. Ne2 Nb6 17. f5 Bxd4 18. Nxd4 Nc4 19. Qg5 exf5 20. gxf5 Nxe5 21.
f6 Ng6 22. fxg7 Rfe8 23. Nf5 Re6 24. Bh3 f6 25. Qd2 Rxe1 26. Rxe1 Rd8 27. Nd4
Bc8 28. Be6+ Kxg7 29. Bxc8 Qxc8 30. Ne6+ Kg8 31. Nxd8 Qxd8 32. Rd1 Ne7 33. Qf4
Kg7 34. Rg1+ Ng6 35. h4 Kf7 36. Qf5 Qd6 37. h5 Nf8 38. Rd1 Qe6 39. Qxd5 h6 40.
Qb7+ Kg8 1-0

[Event "DEM U18w"]
[Site "Willingen"]
[Date "2006.06.05"]
[Round "4.6"]
[White "Völschow, Toni"]
[Black "Hofmann, Annett"]
[Result "0-1"]
[WhiteElo "1850"]
[BlackElo "2004"]
[PlyCount "92"]
[EventDate "2006.??.??"]
[EventType "swiss"]
[EventRounds "9"]
[EventCountry "GER"]

1. e4 c5 2. Nc3 Nc6 3. g3 g6 4. Bg2 Bg7 5. d3 d6 6. f4 e6 7. Nf3 Nge7 8. Be3
O-O 9. Qd2 b6 10. Nd1 d5 11. O-O Qc7 12. e5 Bb7 13. g4 d4 14. Bf2 Nd5 15. Bg3
Bh6 16. g5 Bg7 17. h4 Nce7 18. Bh3 Rfd8 19. Qe2 b5 20. Nd2 Nf5 21. Bxf5 exf5
22. h5 Qc6 23. hxg6 hxg6 24. Nf3 Kf8 25. Qg2 Ke7 26. Kf2 Rh8 27. Rh1 Rxh1 28.
Qxh1 Nb4 29. a3 Rh8 30. Qg2 Na6 31. c3 dxc3 32. Nxc3 b4 33. Ne2 Qb6 34. a4 b3
35. Nc3 c4+ 36. d4 Nb4 37. a5 Qd8 38. Qf1 Nd3+ 39. Ke3 Nxb2 40. a6 Bc6 41. Ne1
Rh1 42. Qe2 Nd3 43. Rb1 Nxe1 44. Bxe1 Rh3+ 45. Kd2 Qxd4+ 46. Kc1 Rxc3+ 0-1

[Event "DEM U18w"]
[Site "Willingen"]
[Date "2006.06.05"]
[Round "4.7"]
[White "Schulze, Dorothee"]
[Black "Reiske, Anne"]
[Result "1/2-1/2"]
[WhiteElo "1946"]
[BlackElo "1711"]
[PlyCount "85"]
[EventDate "2006.??.??"]
[EventType "swiss"]
[EventRounds "9"]
[EventCountry "GER"]

1. e4 e5 2. Nf3 Nf6 3. d4 Nxe4 4. Bd3 d5 5. Nxe5 Be6 6. O-O Bd6 7. Bxe4 dxe4 8.
d5 Bf5 9. Nc4 Qf6 10. Nc3 O-O 11. Qe2 Qg6 12. Nxd6 cxd6 13. Bf4 a6 14. Rfe1 Nd7
15. Qd2 h5 16. Re3 h4 17. Rae1 Rfe8 18. Ne2 Qf6 19. Rc3 Qg6 20. Nd4 Bg4 21. h3
Bh5 22. Bg5 Re5 23. Bxh4 Rxd5 24. Rg3 Qh7 25. c4 Re5 26. Nc2 Re6 27. Rg5 f6 28.
Rd5 Rae8 29. Rxd6 Rxd6 30. Qxd6 Ne5 31. b3 Bg6 32. Bg3 Nd3 33. Re3 Qh5 34. Qd5+
Qxd5 35. cxd5 f5 36. Bc7 f4 37. Re2 Kf7 38. Nd4 e3 39. Kf1 Nc1 40. fxe3 Nxe2
41. Nxe2 fxe3 42. d6 Bf5 43. Nd4 1/2-1/2

[Event "DEM U18w"]
[Site "Willingen"]
[Date "2006.06.05"]
[Round "4.8"]
[White "Gasch, Franziska"]
[Black "Rath, Alina"]
[Result "1-0"]
[WhiteElo "1860"]
[BlackElo "1853"]
[PlyCount "33"]
[EventDate "2006.??.??"]
[EventType "swiss"]
[EventRounds "9"]
[EventCountry "GER"]

1. e4 c5 2. Nc3 Nc6 3. d3 g6 4. Be3 d6 5. d4 b6 6. f4 Bg7 7. Nf3 e6 8. Bb5 Bd7
9. O-O Nge7 10. d5 exd5 11. Nxd5 Bxb2 12. Rb1 Bg7 13. f5 Nxd5 14. Qxd5 Rc8 15.
fxg6 hxg6 16. Ng5 Ne5 17. Nxf7 1-0

[Event "DEM U18w"]
[Site "Willingen"]
[Date "2006.06.05"]
[Round "4.9"]
[White "Großmann, Susan"]
[Black "Tovmasian, Nelli"]
[Result "1-0"]
[WhiteElo "2062"]
[BlackElo "1813"]
[PlyCount "61"]
[EventDate "2006.??.??"]
[EventType "swiss"]
[EventRounds "9"]
[EventCountry "GER"]

1. e4 e6 2. d3 c5 3. g3 d5 4. e5 Nc6 5. f4 Nge7 6. Nf3 g6 7. Bg2 Bg7 8. O-O b6
9. c3 Bb7 10. Na3 a6 11. Nc2 Qc7 12. Be3 Nf5 13. Bf2 Rd8 14. Qe2 h5 15. Ng5 Bh6
16. Rae1 Bxg5 17. fxg5 h4 18. g4 h3 19. Bh1 Nh4 20. d4 c4 21. Ne3 Qe7 22. Bg3
Qxg5 23. Rf6 Qh6 24. Qf2 Qh7 25. Rf1 Rd7 26. Nxd5 Nxd4 27. Nxb6 Bxh1 28. Kxh1
Ndf3 29. Nxd7 g5 30. Rxf3 Nxf3 31. Nf6+ 1-0

[Event "DEM U18w"]
[Site "Willingen"]
[Date "2006.06.05"]
[Round "4.10"]
[White "Hafner, Katrin"]
[Black "Tischer, Jana"]
[Result "1-0"]
[WhiteElo "1565"]
[BlackElo "1835"]
[PlyCount "85"]
[EventDate "2006.??.??"]
[EventType "swiss"]
[EventRounds "9"]
[EventCountry "GER"]

1. e4 c5 2. Nf3 Nc6 3. d4 cxd4 4. Nxd4 Nf6 5. Nc3 e5 6. Ndb5 d6 7. Bg5 a6 8.
Na3 b5 9. Bxf6 gxf6 10. Nd5 f5 11. c3 fxe4 12. Bxb5 axb5 13. Nxb5 Be6 14. Nbc7+
Kd7 15. Nxa8 Bxd5 16. Qxd5 Qxa8 17. Qxf7+ Ne7 18. O-O h5 19. Rfd1 Rh6 20. c4
Qe8 21. Qxe8+ Kxe8 22. b4 Nc6 23. b5 Na5 24. b6 Rh7 25. Rab1 Rb7 26. Rdc1 Kd7
27. Rb5 Nc6 28. a4 Nd4 29. Rb2 Nc6 30. Rd1 Na5 31. c5 Kc6 32. cxd6 Bxd6 33.
Rc1+ Kd7 34. Rb5 Nc6 35. a5 Nd4 36. a6 Rb8 37. Rb2 Ra8 38. a7 h4 39. Kf1 Nc6
40. Ra1 Bb8 41. Rba2 Bxa7 42. bxa7 Kc7 43. Ke2 1-0

[Event "DEM U18w"]
[Site "Willingen"]
[Date "2006.06.05"]
[Round "4.12"]
[White "Janiesch, Maike"]
[Black "Hammerich, Nadine"]
[Result "1/2-1/2"]
[WhiteElo "1637"]
[BlackElo "1529"]
[PlyCount "49"]
[EventDate "2006.??.??"]
[EventType "swiss"]
[EventRounds "9"]
[EventCountry "GER"]

1. d4 d5 2. c4 e6 3. Nc3 Nf6 4. cxd5 exd5 5. Bg5 Be7 6. e3 O-O 7. Bd3 Nbd7 8.
Qc2 g6 9. Nf3 Re8 10. O-O Nf8 11. Rab1 a5 12. a3 Ne6 13. Bh4 c6 14. b4 axb4 15.
axb4 Nc7 16. Na4 Ne4 17. Bxe7 Qxe7 18. Rfc1 Bg4 19. Ne5 Bf5 20. Nc5 Nxc5 21.
bxc5 Bxd3 22. Qxd3 Nb5 23. Ra1 Kg7 24. Qc2 f6 25. Nf3 1/2-1/2

[Event "DEM U18w"]
[Site "Willingen"]
[Date "2006.06.05"]
[Round "4.13"]
[White "Breitwieser, Jasmin"]
[Black "Schott, Peggy"]
[Result "0-1"]
[WhiteElo "1338"]
[BlackElo "1600"]
[PlyCount "58"]
[EventDate "2006.??.??"]
[EventType "swiss"]
[EventRounds "9"]
[EventCountry "GER"]

1. e4 c5 2. Nc3 Nc6 3. g3 g6 4. Bg2 Bg7 5. d3 e6 6. f4 d6 7. Nf3 Nge7 8. O-O
O-O 9. Be3 Nd4 10. Qd2 d5 11. Nd1 Nxf3+ 12. Bxf3 d4 13. Bf2 e5 14. fxe5 Bxe5
15. c3 f5 16. c4 fxe4 17. Bxe4 a5 18. b3 Rb8 19. a3 b6 20. b4 axb4 21. axb4 Bb7
22. Bxb7 Rxb7 23. b5 Nf5 24. Kg2 Rbf7 25. Nb2 Qc7 26. Bg1 Nh4+ 27. gxh4 Qb7+
28. Kh3 Rf3+ 29. Rxf3 Qxf3# 0-1

[Event "DEM U18w"]
[Site "Willingen"]
[Date "2006.06.06"]
[Round "5.1"]
[White "Winkelmann, Elena"]
[Black "Dietzen, Corinna"]
[Result "1-0"]
[WhiteElo "2055"]
[BlackElo "1949"]
[PlyCount "61"]
[EventDate "2006.??.??"]
[EventType "swiss"]
[EventRounds "9"]
[EventCountry "GER"]

1. e4 e5 2. d4 exd4 3. Qxd4 Nc6 4. Qe3 g6 5. Nc3 Bg7 6. Bd2 d6 7. Bd3 Nge7 8.
f4 O-O 9. Nf3 d5 10. Qf2 dxe4 11. Bxe4 Nb4 12. a3 Nbd5 13. O-O-O c6 14. Nxd5
Nxd5 15. Bxd5 Qxd5 16. Bc3 Qc4 17. Nd2 Qa4 18. Bxg7 Kxg7 19. Nb3 Bf5 20. Rd4
Qa6 21. h3 h5 22. Rhd1 Qb6 23. Qf3 Be6 24. g4 hxg4 25. hxg4 Bd5 26. Qc3 f6 27.
Nc5 a5 28. Nd7 Qa6 29. Nxf8 Rxf8 30. g5 b6 31. f5 1-0

[Event "DEM U18w"]
[Site "Willingen"]
[Date "2006.06.06"]
[Round "5.3"]
[White "Butschek, Tanja"]
[Black "Chin, Karin"]
[Result "1-0"]
[WhiteElo "2025"]
[BlackElo "2008"]
[PlyCount "43"]
[EventDate "2006.??.??"]
[EventType "swiss"]
[EventRounds "9"]
[EventCountry "GER"]

1. e4 e6 2. d4 d5 3. Nc3 Bb4 4. e5 c5 5. Bd2 Ne7 6. dxc5 Nbc6 7. Qg4 O-O 8. Nf3
Bxc5 9. Bd3 Ng6 10. Qh5 Qc7 11. O-O-O Nb4 12. Bg5 Qa5 13. a3 Nxd3+ 14. Rxd3 b5
15. Bf6 h6 16. Nh4 Kh7 17. Rg3 Bxf2 18. Rxg6 Be3+ 19. Kb1 gxf6 20. exf6 Qc7 21.
Rg7+ Kh8 22. Ng6+ 1-0

[Event "DEM U18w"]
[Site "Willingen"]
[Date "2006.06.06"]
[Round "5.4"]
[White "Nuber, Helene"]
[Black "Gasch, Franziska"]
[Result "1-0"]
[WhiteElo "2042"]
[BlackElo "1860"]
[PlyCount "79"]
[EventDate "2006.??.??"]
[EventType "swiss"]
[EventRounds "9"]
[EventCountry "GER"]

1. e4 c5 2. d3 e6 3. g3 d5 4. Qe2 Ne7 5. Bg2 g6 6. f4 Bg7 7. Nf3 Nbc6 8. c3 b6
9. O-O O-O 10. Na3 a5 11. Nc2 Ba6 12. e5 Nf5 13. g4 Nfe7 14. Nce1 Rc8 15. Kh1
d4 16. c4 b5 17. b3 a4 18. Ng5 h6 19. Ne4 Na5 20. Nd6 Rb8 21. cxb5 Bxb5 22.
bxa4 Bxa4 23. Ba3 Bc6 24. Bxc5 Bxg2+ 25. Qxg2 Nac6 26. Nf3 Nd5 27. Nxd4 Nxd4
28. Bxd4 Qa5 29. Nc4 Qa4 30. f5 Rfd8 31. Qe4 Kh7 32. h4 Nb4 33. Rab1 Qc2 34.
Rb2 Qa4 35. h5 Qe8 36. Nd6 Rxd6 37. exd6 Bxd4 38. Qxd4 Qc6+ 39. Kh2 Nd5 40.
fxg6+ 1-0

[Event "DEM U18w"]
[Site "Willingen"]
[Date "2006.06.06"]
[Round "5.5"]
[White "Hofmann, Annett"]
[Black "Großmann, Susan"]
[Result "0-1"]
[WhiteElo "2004"]
[BlackElo "2062"]
[PlyCount "68"]
[EventDate "2006.??.??"]
[EventType "swiss"]
[EventRounds "9"]
[EventCountry "GER"]

1. e4 d6 2. d4 g6 3. Nc3 Bg7 4. Be3 c6 5. Qd2 Nd7 6. O-O-O b5 7. h4 h5 8. f4
Ngf6 9. e5 Ng4 10. d5 b4 11. dxc6 Ndxe5 12. c7 Qd7 13. Bb5 Nc6 14. Nd5 Bb7 15.
Qe2 O-O 16. Bc5 Kh8 17. Bxb4 a6 18. Nb6 Qf5 19. Bxc6 Bxc6 20. Nxa8 Rxa8 21. Nh3
Rc8 22. Qxe7 Bf6 23. Qxd6 Bxg2 24. Ng5 Bxh1 25. Rxh1 Ne3 26. Qc5 Qxf4 27. Bd2
Bxb2+ 28. Kb1 Bd4 29. Qe7 Qxc7 30. Nxf7+ Kg7 31. Qxc7 Rxc7 32. Bxe3 Rb7+ 33.
Kc1 Bxe3+ 34. Kd1 Rb1+ 0-1

[Event "DEM U18w"]
[Site "Willingen"]
[Date "2006.06.06"]
[Round "5.6"]
[White "Albano Jeremias, Bianca"]
[Black "Fuchs, Maria"]
[Result "1/2-1/2"]
[WhiteElo "1971"]
[BlackElo "1758"]
[PlyCount "55"]
[EventDate "2006.??.??"]
[EventType "swiss"]
[EventRounds "9"]
[EventCountry "GER"]

1. e4 c5 2. Nf3 Nc6 3. d4 cxd4 4. Nxd4 g6 5. Nc3 Bg7 6. Nb3 Nf6 7. Be2 O-O 8.
O-O b6 9. Re1 Bb7 10. Bf1 d6 11. Bg5 a6 12. Nd5 Nd7 13. c3 Re8 14. Qd2 Nc5 15.
Rad1 Ne6 16. Bh6 b5 17. Bxg7 Kxg7 18. f4 Nc7 19. Ne3 Kg8 20. Ng4 Qc8 21. f5 Ne5
22. Nxe5 dxe5 23. fxg6 hxg6 24. Qg5 Qe6 25. Kh1 Qf6 26. Qxf6 exf6 27. Rd7 Rac8
28. Na5 1/2-1/2